Especie nueva de serpiente coral (Elapidae, Micrurus), de la región de Urrá, municipio de tierra alta, Córdoba, noroccidente de Colombia (Registro nro. 15527)

Detalles MARC
000 -CABECERA
Campo de control 004870000a22001210004500
090 ## - CLASIFICACIÓN LOCAL
Colección AS
Consecutivo Seriadas
041 0# - IDIOMA
Código de idioma para texto/pista de sonido o título separado
100 1# - ASIENTO PRINCIPAL--NOMBRE PERSONAL
Nombre personal Renjifo, Juan Manuel
245 10 - MENCION DE TITULO
Título Especie nueva de serpiente coral (Elapidae, Micrurus), de la región de Urrá, municipio de tierra alta, Córdoba, noroccidente de Colombia
700 1# - ASIENTO SECUNDARIO - NOMBRE PERSONAL
Nombre personal Lundberg, Mikael
773 1# - Item fuente:
Título Revista de Academia Colombiana de Ciencias Exactas, Físicas y Naturales
Descripción física 102
Paginas del Articulo 141-144
Lugar, editorial y fecha de publicación 2003
Información sobre la relación 27
942 ## - ELEMENTOS ADICIONALES (KOHA)
Tipo de ítem Artículo

No hay ítems disponibles.